| 000 | 01120nam0a2200325 4500 | ||
|---|---|---|---|
| 001 | RU\NLR\bibl\843075 | ||
| 005 | 20250614145352.0 | ||
| 010 |
_a5-9697-0007-X _93000 |
||
| 021 |
_aRU _b2005-19175 _9976 |
||
| 035 | _a(NLR Aleph) 000831892 | ||
| 090 |
_a1366003 _c1366003 |
||
| 100 | _a20050920d2005 |||y0rusy50 ca | ||
| 101 | 0 | _arus | |
| 102 | _aRU | ||
| 105 | _aa ||||||||| | ||
| 200 | 1 |
_aПрожитое _fГеоргий Жженов |
|
| 210 |
_aМосква _cВагриус _d2005 |
||
| 215 |
_a234, [2] с., [12] л. ил. _d22 |
||
| 225 | 1 | _aМой 20 век | |
| 300 | _aНа обл. только загл. сер. | ||
| 600 | 1 |
_aЖженов _bГ.С. _f1915 - 2005 _gГеоргий Степанович _jВоспоминания, записки и т.п. _91087840 _3RU\NLR\auth\66426208 |
|
| 686 | _aЩ334.3(2Р=Рус)7-86Жженов | ||
| 686 | _aЩ374.3(2Р)7-86Жженов | ||
| 700 | 1 |
_aЖженов _bГ. С. _gГеоргий Степанович _4070 |
|
| 801 | 0 |
_aRU _bNLR _c20050920 _grcr |
|
| 801 | 1 |
_aRU _bNLR _c20050920 |
|
| 942 | _cBOOK | ||
| 980 | _aNB | ||